00862cam a2200241 a 450000100100000000500170001000800410002703500190006804000250008708200190011210000370013124500700016826000300023830000280026850000430029650400320033965000350037165000370040691000280044304900090047195201230048099900170060300001164620240527200609.0800325s1979 mx a b 000 0 spa  a(DLC) 79126066 aDO-SdBNPcDLCdBNPHU a658.315bD352h1 aDelgado Alfonso, Jorge R.92757713aEl hombre de relaciones industriales /cJorge R. Delgado Alfonso. aMéxico :bDiana,c1979. a166 p. :bil. ;c20 cm. a2da reimpresión septiembre del 1979. aBibliografía: p. 163-166. 0aRelaciones industriales927578 4aPsicología industriales927579 aCatalogación derivada aBNGR 001052708MOaGRbGRcCTd2009-10-22iLF1l0o658.315 D352hp11646-10r2020-06-25w2020-06-25y2ZPréstamo interno c11335d11335